| 000 | 00000nam##2200000za#4500 |
| 001 | 9.614796 |
| 003 | CaOODSP |
| 005 | 20211126112847 |
| 007 | ta |
| 008 | 150406|1999||||xxc||||| f|0| 0 eng|d |
| 020 | |a0-662-27771-6 |
| 022 | |a1192-5434 |
| 040 | |aCaOODSP|beng |
| 043 | |an-cn--- |
| 086 | 1 |aFB3-2/99-6E |
| 110 | 2 |aBank of Canada. |
| 245 | 10|aUncovering inflation expectations and risk premiums from internationally integrated financial markets / |cby Ben Siu Cheong Fung, Scott Mitnick and Eli Remolona. |
| 260 | |aOttawa - Ontario : |bBank of Canada |c1999. |
| 300 | |a30p. : |bgraphs, references, tables ; |c28 cm. |
| 490 | 1 |aWorking paper|x1192-5434|v99-6 |
| 500 | |a"In this paper, we propose an approach to extracting information about inflation expectations and inflation-risk premiums by exploiting both the comovements among interest rates across the yield curve and the comovements among those interest rates between two countries, Canada and the United States."--Page 1. |
| 520 | 3 |aIn this paper, we propose an approach to extracting information about inflation expectations and inflation-risk premiums by exploiting both the comovements among interest rates across the yield curve and the comovements among those interest rates between two countries, Canada and the United States.--Page 1 |
| 546 | |aRésumés en français |
| 563 | |aSoftcover |
| 590 | |a99-20|b1999-05-21 |
| 690 | 07|aInflation|2gcpds |
| 690 | 07|aInterest rates|2gcpds |
| 690 | 07|aModels|2gcpds |
| 720 | 1 |aSiu Cheong Fung, Ben |
| 720 | 1 |aMitnick, Scott |
| 720 | 1 |aRemolona, Eli |
| 776 | 0#|tUncovering inflation expectations and risk premiums from internationally integrated financial markets / |w(CaOODSP)9.571708 |
| 830 | #0|aWorking paper,|x1192-5434|v99-6|w(CaOODSP)9.514622 |
| 986 | |a99-6 |